Perde Kapanmasa görecektiniz : (Record no. 15001)
[ view plain ]
| 000 -BAŞLIK | |
|---|---|
| Sabit Uzunlukta Kontrol Alanı | 00949nam a22002417a 4500 |
| 999 ## - SİSTEM KONTROL NUMARALARI (KOHA) | |
| Koha Biblionumber | 15001 |
| Koha Biblioitemnumber | 15001 |
| 003 - KONTROL NUMARASI IDENTIFIER | |
| Denetim Alanı | MIRAKIL |
| 005 - SON İŞLEM TARİHİ VE ZAMANI | |
| Denetim Alanı | 20220912164437.0 |
| 008 - SABİT-BOY VERİ ELEMANLARI - GENEL BİLGİLER | |
| Sabit Uzunlukta Kontrol Alanı | 220912b tu ||||| |||| 00| 0 tur d |
| 020 ## - ULUSLARARASI STANDART KİTAP NUMARASI | |
| Uluslararası Standart Kitap Numarası | 9786257288828 |
| 040 ## - KATALOGLAMA KAYNAK | |
| Orijinal Kataloglama Ajansı | TR-AnCHP |
| Metne Dönüştürmek Ajansı | TR-AnCHP |
| 041 ## - DİL KODU | |
| Metin / Ses Parça Veya Ayrı Başlığın Dil Kodu | Tur |
| 082 ## - DEWEY ONLU SINIFLANDIRMA NUMARASI | |
| Sınıflandırma Numarası | 792.092 |
| Ürün Numarası | B27p 2021 |
| 100 ## - ANA GİRİŞ - KİŞİSEL İSİM | |
| Kişisel Ad | Başarır, Deniz Yüce |
| 245 ## - BAŞLIK TABLOSU | |
| Başlık | Perde Kapanmasa görecektiniz : |
| Başlığın Kalan | Kamran Yüce’nin arşivinden kent oyuncularının kuruluş hikayesi (1959-1986)/ |
| Sorumluluk Tablosu, Vb | Deniz Yüce Başarır. |
| 246 ## - UNVAN FORM VARYING | |
| Başlık Doğru / Kısa Başlığı | Kamran Yüce’nin arşivinden kent oyuncularının kuruluş hikayesi (1959-1986) |
| 260 ## - YAYIN, DAĞITIM, VB | |
| Yayın, Dağıtım, Vb Yeri | İstanbul: |
| Yayıncı, Dağıtıcı, Vs Adı | İstanbul Büyükşehir Belediyesi, |
| Yayın, Dağıtım, Vb Tarihi | 2021. |
| 300 ## - FİZİKSEL TANIM | |
| Kapsam | 364 s.: |
| Diğer Fiziksel Ayrıntıları | fotg.; |
| Boyutlar | 27 sm. |
| 504 ## - KAYNAKÇA VB NOT | |
| Kaynakça Vb Notu | Dizin vardır. |
| 650 #0 - KONU KATMA GİRİŞ - TOPİKAL DÖNEM | |
| 9 (RLIN) | 4 |
| Topikal Süreli Veya Coğrafi Ad Giriş Elemanı | Türkiye |
| Genel Alt Bölümü | Tiyatro |
| -- | Tarih |
| 650 #0 - KONU KATMA GİRİŞ - TOPİKAL DÖNEM | |
| 9 (RLIN) | 5400 |
| Topikal Süreli Veya Coğrafi Ad Giriş Elemanı | Türk Tiyatrosu |
| Genel Alt Bölümü | Kent oyuncuları |
| -- | Tarih |
| 740 ## - KATMA GİRİŞ - KONTROLSUZ İLGİLİ / ANALİTİK BAŞLIK | |
| Kontrol Edilmeyen / İlgili Analitik Başlıktaki | Kamran Yüce’nin arşivinden kent oyuncularının kuruluş hikayesi (1959-1986) |
| 942 ## - EKLENDİ GİRİŞ ELEMANLARI (KOHA) | |
| Sınıflandırma Veya Raf Düzeni Kaynak | Dewey Decimal Classification |
| Koha Öğesi Türü | Books |
| Kalıcı Konum | Mevcut Konum | Edinme Tarihi | Toplam Check-Out'Lar | Tam Çağrı Numarası | Barkod | Tarih Son Görülme | İtibaren Geçerli Fiyatlar | Koha Öğesi Türü |
|---|---|---|---|---|---|---|---|---|
| CHP Kütüphanesi | CHP Kütüphanesi | 09/12/2022 | 792.092 B27p 2021 | 020539 | 09/12/2022 | 09/12/2022 | Books |
